Primeros pasos en álgebra

Salvato in:
Dettagli Bibliografici
Autore principale: Muñoz Muñoz, Héctor (autor)
Natura: Libro
Lingua:spagnolo
Pubblicazione: Santiago LOM 2011
Edizione:1a. ed
Serie:Partículas Elementales
Soggetti:
Tags: Aggiungi Tag
Nessun Tag, puoi essere il primo ad aggiungerne!!

MARC

LEADER 00000cam a2200000 a 4500
001 UCF1826
003 CL-VaPUC
008 120727e20110000CL |||||||||||||||||spa|d
020 |a 9789560002396v.1 
020 |a 9789560002402v.2 
020 |a 9789560002419v.3 
020 |a 9789560002426v.4 
082 0 4 |a 512  |b MUÑ  |2 21 
100 |a Muñoz Muñoz, Héctor  |e autor  |9 543553 
245 1 0 |a Primeros pasos en álgebra 
250 |a 1a. ed 
300 |a v 
942 |c BK 
945 |d 20120727 00:00:00  |a dcastane 
260 |a Santiago  |b LOM  |c 2011 
500 |a v.1: El significado del signo igual 
500 |a v.2: Iniciación al empleo de letras en expresiones algebraicas 
500 |a v.3: Símbolos y convenciones en el lenguaje algebraico 
500 |a v.4: Expresión y alcances de la distributividad de la multiplicación con respecto a la adición 
650 0 |a Teoría de números  |9 265327 
650 0 |a Álgebra  |9 259567 
650 7 |a MULTIPLICACION  |2 CL-VaPUC  |9 343636 
650 0 |a Adición (suma)  |9 343634 
583 |a last modification  |c 20120802 04:18:23  |k Rodrigo Vera 
490 0 |a Partículas Elementales 
999 |c 348514  |d 348512 
952 |0 0  |1 0  |4 0  |6 512_000000000000000_MUÑ_2011  |7 0  |8 A  |9 450553  |a BIBING  |b BIBING  |d 2019-11-22  |h v.1  |i 4870980  |o 512 MUÑ 2011  |p 4870980  |r 2025-01-20  |w 2019-11-22  |y BK  |k CUI 
952 |0 0  |1 0  |4 0  |6 512_000000000000000_MUÑ_2011  |7 0  |8 A  |9 450554  |a BIBING  |b BIBING  |d 2019-11-22  |h v.2  |i 4870999  |o 512 MUÑ 2011  |p 4870999  |r 2025-01-20  |w 2019-11-22  |y BK  |k CUI 
952 |0 0  |1 0  |4 0  |6 512_000000000000000_MUÑ_2011  |7 0  |8 A  |9 450555  |a BIBING  |b BIBING  |d 2019-11-22  |h v.3  |i 4871006  |o 512 MUÑ 2011  |p 4871006  |r 2025-01-20  |w 2019-11-22  |y BK  |k CUI 
952 |0 0  |1 0  |4 0  |6 512_000000000000000_MUÑ_2011  |7 0  |8 A  |9 450556  |a BIBING  |b BIBING  |d 2019-11-22  |h v.4  |i 487109K  |o 512 MUÑ 2011  |p 487109K  |r 2025-01-20  |w 2019-11-22  |y BK  |k CUI